Statistics for top 10 biggest U.S. states

Click here to take the quiz!

General Stats

  • This quiz has been taken 21 times
  • The average score is 9 of 10

Answer Stats

HintAnswer% Correct
1Alaska
100%
3California
100%
2Texas
100%
4Montana
95%
8Colorado
90%
7Nevada
90%
5New Mexico
85%
6Arizona
80%
9Oregon
80%
10Wyoming
80%

Score Distribution

Percentile by Number Answered

Percent of People with Each Score

Your Score History

You have not taken this quiz